| 000 | 00795nam a2200265 4500 | ||
|---|---|---|---|
| 003 | OSt | ||
| 005 | 20260530113908.0 | ||
| 008 | 260506b2004 enka|||| |||| 00| 0 eng d | ||
| 020 | _a9781592536627 | ||
| 020 | _a159253662x | ||
| 040 |
_aICI _bspa _cICI |
||
| 050 |
_aNC1001 _b.W55 2004 |
||
| 100 | 1 |
_aWilson, Harvey, _933005 |
|
| 245 | 1 | 0 |
_aGraphic elements / _cHarvey Wilson. |
| 264 | 1 |
_bRockport Publishers _c2004 _aLondon : |
|
| 300 |
_a440 páginas _bilustraciones (principalmente a color) _c15cm. |
||
| 336 |
_atexto _2rdacontent |
||
| 337 |
_asin medio _2rdamedia |
||
| 338 |
_avolumen _2rdacarrier |
||
| 650 |
_aDiseño gráfico. _918020 |
||
| 650 |
_aElementos del diseño. _933006 |
||
| 650 |
_aComunicación visual. _933007 |
||
| 650 |
_aArtes gráficas. _919721 |
||
| 942 |
_2lcc _cBK |
||
| 999 |
_c12022 _d12022 |
||